[Event "GER-chT U20 Girls"]
[Site "Magdeburg"]
[Date "2023.12.29"]
[Round "5.7"]
[White "Bohatyrova, Natalia"]
[Black "Schubert, Matthea"]
[Result "1-0"]
[WhiteElo "1506"]
[BlackElo "1510"]
[PlyCount "134"]
[EventDate "2023.12.26"]
[EventType "team-swiss"]
[EventRounds "7"]
[EventCountry "GER"]
[SourceTitle "CBM 218 Extra"]
[Source "ChessBase"]
[SourceDate "2024.03.31"]
[SourceVersion "1"]
[SourceVersionDate "2024.03.31"]
[SourceQuality "1"]
[WhiteTeam "Erkenschwick"]
[BlackTeam "Annaberg Buchholz"]
[WhiteTeamCountry "GER"]
[BlackTeamCountry "GER"]

1. e4 e5 2. Nf3 Nc6 3. Bc4 Bc5 4. 0-0 Nf6 5. d3 d6 6. c3 Bg4 7. Nbd2 Qd7 8. Re1 Ne7 9. Qb3 0-0 10. d4 exd4 11. cxd4 Bb6 12. e5 dxe5 13. dxe5 Nfd5 14. Ne4 c6 15. Bg5 Ng6 16. Ng3 Rae8 17. Rad1 Bxf3 18. Qxf3 Rxe5 19. Bxd5 Rxe1+ 20. Rxe1 cxd5 21. Rd1 Qb5 22. Qxd5 Qxb2 23. Qd2 Qe5 24. Be3 Bxe3 25. Qxe3 Qa5 26. Qb3 Qc7 27. Nf5 Nf4 28. Qf3 Qe5 29. Ng3 b6 30. Qe3 Qc7 31. Rc1 Qd6 32. Ne4 Qe5 33. Ng3 Qf6 34. Ne2 Ng6 35. Ng3 Qb2 36. Qc3 Qxa2 37. Ra1 Qe6 38. Rxa7 Rc8 39. Rc7 Rxc7 40. Qxc7 h6 41. h3 Kh7 42. Qb7 Nf4 43. Kh2 f6 44. Qc7 Nd5 45. Qc4 Nf4 46. Qxf4 b5 47. Qe4+ Qxe4 48. Nxe4 b4 49. Nd2 Kg6 50. Kg3 Kf5 51. Kf3 Ke5 52. Ke3 g5 53. g3 f5 54. f4+ gxf4+ 55. gxf4+ Kd5 56. Kd3 h5 57. Nb3 h4 58. Nd4 Kc5 59. Nxf5 b3 60. Kc3 Kd5 61. Nxh4 Ke4 62. f5 Ke5 63. Kxb3 Kf6 64. Kc4 Kg5 65. Kd5 Kf6 66. Ke4 Kf7 67. Ke5 Ke7 1-0

[Event "GER-chT School WK Girls"]
[Site "Playchess.com INT"]
[Date "2020.06.17"]
[Round "5.3"]
[White "Diederich, Greta"]
[Black "Schubert, Matthea"]
[Result "1-0"]
[WhiteElo "1721"]
[BlackElo "1496"]
[PlyCount "121"]
[EventDate "2020.06.10"]
[EventType "team-swiss (blitz)"]
[EventRounds "7"]
[EventCountry "GER"]
[SourceTitle "EXT 2021"]
[Source "ChessBase"]
[SourceDate "2020.10.23"]
[SourceVersion "1"]
[SourceVersionDate "2020.10.23"]
[SourceQuality "1"]
[WhiteTeam "Erfurt Alb Schweitzer Gymn"]
[BlackTeam "Buchholz San Annaberg"]
[WhiteTeamCountry "GER"]
[BlackTeamCountry "GER"]

1. d4 d6 2. Nf3 Nc6 3. e3 e5 4. dxe5 dxe5 5. Nc3 Bd6 6. Bd3 Bg4 7. 0-0 Nf6 8. b3 0-0 9. h3 Bh5 10. Bb2 Re8 11. Be2 Bxf3 12. Bxf3 e4 13. Be2 Qe7 14. Bc4 Ne5 15. Be2 Ng6 16. Nb5 Red8 17. Nxd6 Rxd6 18. Qe1 c5 19. Ba3 Rc8 20. Qc3 Nd5 21. Qc4 Ne5 22. Qxe4 b6 23. Bb2 Nf6 24. Qxe5 Qxe5 25. Bxe5 Re6 26. Bf4 Rd8 27. Rad1 Rde8 28. Bb5 R8e7 29. Bc4 Rc6 30. Rd8+ Ne8 31. Bb5 Rce6 32. Bxe8 Rxe8 33. Rxe8+ Rxe8 34. Rd1 h6 35. Rd7 Ra8 36. g4 g5 37. Bg3 Kg7 38. h4 Kf6 39. Kg2 Ke6 40. Rd6+ Ke7 41. Rxh6 f6 42. hxg5 fxg5 43. Rg6 Kf7 44. Rxg5 a5 45. Rf5+ Ke6 46. Rh5 Kd7 47. g5 a4 48. bxa4 Rxa4 49. g6 Rxa2 50. g7 Ra8 51. Rh8 Re8 52. g8Q Rxg8 53. Rxg8 Kc6 54. Rg6+ Kb5 55. f4 c4 56. f5 Kc5 57. f6 Kc6 58. f7+ Kd7 59. f8Q b5 60. Qf7+ Kc8 61. Rg8# 1-0

[Event "GER-chT School WK Girls"]
[Site "Playchess.com INT"]
[Date "2020.06.10"]
[Round "2.3"]
[White "Voigt, Anastasia"]
[Black "Schubert, Matthea"]
[Result "1-0"]
[WhiteElo "1963"]
[BlackElo "1496"]
[PlyCount "67"]
[EventDate "2020.06.10"]
[EventType "team-swiss (blitz)"]
[EventRounds "7"]
[EventCountry "GER"]
[SourceTitle "EXT 2021"]
[Source "ChessBase"]
[SourceDate "2020.10.23"]
[SourceVersion "1"]
[SourceVersionDate "2020.10.23"]
[SourceQuality "1"]
[WhiteTeam "Halle Cantor Gymn"]
[BlackTeam "Buchholz San Annaberg"]
[WhiteTeamCountry "GER"]
[BlackTeamCountry "GER"]

1. e4 e5 2. Nf3 Nc6 3. Bc4 Bc5 4. c3 Nf6 5. d3 0-0 6. 0-0 d6 7. Nbd2 Be6 8. Bb3 h6 9. h3 a6 10. Re1 b5 11. Nf1 Bb6 12. Be3 Rb8 13. Bc2 Ne7 14. Ng3 Ng6 15. d4 exd4 16. cxd4 Qd7 17. d5 Bxe3 18. Rxe3 Bxh3 19. gxh3 Qxh3 20. Nd4 Ng4 21. Re2 Nh4 22. f3 Qxg3+ 23. Kf1 Nh2+ 24. Rxh2 Qxh2 25. Rc1 Rbe8 26. Bb3 f5 27. Rc2 fxe4 28. Rxh2 Ng6 29. Kg1 exf3 30. Nxf3 Nf4 31. Bc2 Nxd5 32. Qxd5+ Kh8 33. Qd3 Rf6 34. Qh7# 1-0

[Event "GER-chT U14 Girls"]
[Site "Duesseldorf"]
[Date "2016.12.28"]
[Round "4.4"]
[White "Schubert, Matthea"]
[Black "Paulweber, Lara Maria"]
[Result "0-1"]
[WhiteElo "941"]
[BlackElo "1324"]
[PlyCount "80"]
[EventDate "2016.12.27"]
[EventType "team-swiss"]
[EventRounds "7"]
[EventCountry "GER"]
[SourceTitle "EXT 2018"]
[Source "ChessBase"]
[SourceDate "2017.10.13"]
[SourceVersion "1"]
[SourceVersionDate "2017.10.13"]
[SourceQuality "1"]
[WhiteTeam "Annaberg Buchholz"]
[BlackTeam "Duesseldorf SK"]
[WhiteTeamCountry "GER"]
[BlackTeamCountry "GER"]

1. e4 e6 2. Nf3 d5 3. e5 c5 4. d4 Nc6 5. c3 Nge7 6. Be3 Nf5 7. Bd2 cxd4 8. cxd4 Nfxd4 9. Bc3 Nxf3+ 10. Qxf3 d4 11. Bd2 Nxe5 12. Qf4 Nc6 13. Be2 e5 14. Qe4 Qb6 15. b3 f6 16. Bh5+ Kd8 17. 0-0 Be6 18. Qe1 Qa6 19. a4 Bxb3 20. a5 Bc4 21. Be2 Bxe2 22. h3 Bxf1 23. Qe4 Qb5 24. Qg4 Qb2 25. Ra4 Qxb1 26. Qh4 Bb5+ 27. Kh2 Bxa4 28. g4 Qd3 29. Be1 Qe2 30. g5 Qxe1 31. gxf6 Kc7 32. f7 Be7 33. Qg3 Rhf8 34. Qf3 e4 35. Qf4+ Bd6 36. Qxd6+ Kxd6 37. Kg2 Rxf7 38. Kg3 Qxf2+ 39. Kg4 Qf4+ 40. Kh5 g6# 0-1

[Event "GER-chT U14 Girls"]
[Site "Duesseldorf"]
[Date "2016.12.28"]
[Round "3.4"]
[White "Schubert, Matthea"]
[Black "Wolterink, Insa"]
[Result "1-0"]
[WhiteElo "941"]
[BlackElo "1023"]
[PlyCount "79"]
[EventDate "2016.12.27"]
[EventType "team-swiss"]
[EventRounds "7"]
[EventCountry "GER"]
[SourceTitle "EXT 2018"]
[Source "ChessBase"]
[SourceDate "2017.10.13"]
[SourceVersion "1"]
[SourceVersionDate "2017.10.13"]
[SourceQuality "1"]
[WhiteTeam "Annaberg Buchholz"]
[BlackTeam "Nordhorn Blanke U14 Girls"]
[WhiteTeamCountry "GER"]
[BlackTeamCountry "GER"]

1. e4 e6 2. Nf3 d5 3. e5 Bd7 4. d4 c5 5. Be3 Qb6 6. b3 Nc6 7. c3 Be7 8. Be2 f6 9. 0-0 fxe5 10. Nxe5 Nxe5 11. dxe5 0-0-0 12. b4 Nh6 13. f3 Nf5 14. Bf2 Rdg8 15. a4 h5 16. Nd2 Bg5 17. Nb3 Ne3 18. Bxe3 Bxe3+ 19. Kh1 h4 20. h3 g5 21. a5 Qc7 22. a6 b6 23. bxc5 Bxc5 24. Nxc5 Qxc5 25. Qd4 Qxd4 26. cxd4 Kd8 27. Rfc1 Ke7 28. Rc7 Ra8 29. Bd3 Kd8 30. Rb7 Bc6 31. Rf7 Bd7 32. Rc1 Rc8 33. Rxc8+ Kxc8 34. Rg7 Rh5 35. Rg8+ Kc7 36. Ra8 Kc6 37. Rxa7 Rh8 38. Kg1 b5 39. Rb7 Bc8 40. Bxb5# 1-0